| 000 | 00582nam a2200193 a 4500 | ||
|---|---|---|---|
| 001 | 2298 | ||
| 003 | CDMR | ||
| 005 | 20131024122626.0 | ||
| 008 | 130130s1977||||||||||||||||||||||||||||d | ||
| 020 | _a8473802713 | ||
| 040 |
_aCDMR _bcat _cCDMR |
||
| 100 | 1 |
_aCastelló Rovira, Juan _91715 |
|
| 245 | 1 | 3 |
_aLa radio amordazada _cJuan Castelló Rovira ; prólogo por Manuel G. Terán |
| 260 |
_aMadrid _c1977 _bSEDMAY |
||
| 650 | 0 | 4 |
_94129 _aRadiodifusió _xAspectes polítics |
| 650 | 0 | 4 |
_94162 _aPolítica de la telecomunicació |
| 650 | 0 | 4 |
_91720 _aRadiodifusió _zEspanya |
| 942 |
_cMON _2ddc |
||
| 999 |
_c2298 _d2298 |
||